Statistics for Countries by Least Renewable Water Resources

Click here to take the quiz!

General Stats

  • This quiz has been taken 12 times
  • The average score is 8 of 10

Answer Stats

Total (Km³)Answer% Correct
0.12Bahrain
100%
0.06Qatar
100%
0.15United Arab Emirates
100%
0.02Kuwait
90%
0.05Antigua and Barbuda
80%
0.08Barbados
80%
0.03Maldives
80%
0.02Saint Kitts and Nevis
80%
0.02Bahamas
70%
0.05Malta
50%

Score Distribution

Percentile by Number Answered

Percent of People with Each Score

Your Score History

You have not taken this quiz